Central Library OPAC University of Rajshahi

The Bouviers : (Record no. 23016)

MARC details
000 -LEADER
fixed length control field 00922cam a2200277 4500
001 - CONTROL NUMBER
control field 23016
003 - CONTROL NUMBER IDENTIFIER
rucl marc code BD-RjUL
005 - DATE AND TIME OF LATEST TRANSACTION
control field 20211209000901.0
008 - FIXED-LENGTH DATA ELEMENTS--GENERAL INFORMATION
fixed length control field 140310s1969 nyuachj b 001 0 eng
035 ## - SYSTEM CONTROL NUMBER
System control number (BD-RjUL)23081
040 ## - CATALOGING SOURCE
Original cataloging agency DLC
Transcribing agency DLC
Modifying agency DLC
-- BD-RjUL
Language of cataloging eng
041 ## - LANGUAGE CODE
Language code of text/sound track or separate title eng
082 00 - DEWEY DECIMAL CLASSIFICATION NUMBER
Classification number 929.2
Author mark and year DAB
100 1# - MAIN ENTRY--PERSONAL NAME
Personal name Davis, John H.,
Dates associated with a name 1929-2012.
9 (RLIN) 70990
245 14 - TITLE STATEMENT
Title The Bouviers :
Remainder of title portrait of an American family /
Statement of responsibility, etc. by John H. Davis.
260 ## - PUBLICATION, DISTRIBUTION, ETC. (IMPRINT)
Place of publication, distribution, etc. New York :
Name of publisher, distributor, etc. Farrar, Straus & Giroux,
Date of publication, distribution, etc. 1969.
300 ## - PHYSICAL DESCRIPTION
Pagination xiv, 492 p. :
Illustrations illus., facsims., geneal. tables, ports. ;
Size 25 cm.
350 ## - PRICE (NR) (BK AM CF MU VM SE) [OBSOLETE]
Price 10.00
504 ## - BIBLIOGRAPHY, ETC. NOTE
Bibliography, etc Bibliographical references included in "Notes on sources" (p. 399-417)
Bibliography, etc Includes index.
600 30 - SUBJECT ADDED ENTRY--PERSONAL NAME
Personal name Bouvier family.
856 41 - ELECTRONIC LOCATION AND ACCESS
Materials specified Table of contents
Uniform Resource Identifier <a href="http://www.loc.gov/catdir/toc/fy041/69013737.html">http://www.loc.gov/catdir/toc/fy041/69013737.html</a>
942 ## - ADDED ENTRY ELEMENTS (KOHA)
Source of classification or shelving scheme Dewey Decimal Classification
Koha item type Books
Holdings
Lost status Source of classification or shelving scheme Damaged status Not for loan Collection code Permanent Location Current Location Shelving location Date acquired Source of acquisition Cost, normal purchase price Total Checkouts Full call number Date last seen Copy number Koha item type
  Dewey Decimal Classification   Added to bundle Non-fiction Central Library, University of Rajshahi Central Library, University of Rajshahi Reading Room 12/01/1970 Not found 0.00   929.2 DAB 1969 10/03/2014 C-1 Books